000 00503nam a2200145 a 4500
001 000040424
005 20201002034125.0
008 130823s2011 dr 000 0 spa d
020 _a9789945022018
040 _aDO-SdBNP
_bspa
_cBNPHU
100 1 _aJiménez Quezada, Nicolás
_953633
245 1 0 _aVamos a recoger diamantes :
_bfilosofía de un gemólogo, la vida oculta detrás de la prueba /
_cNicolás Jiménez Quezada.
260 _aSanto Domingo :
_bPlaneta Tierra,
_c2011.
300 _a56 p. ;
_c14 cm.
999 _c39914
_d39914